Письма (семь) Иллариону Никитичу Философову и Пелагее Алексеевне от Екатерины [Алексеевны] Мельгуновой

Доступно только в Электронных читальных залах Найти на картеНа карте
RUSMARC
00004044nmc2a22002413x 450
00195dbe9dc-249e-4149-9dab-f5a8fce37677
00520201110171952.0
100##$a20191114l17971804k l0rusy0189 ca
1010#$arus
102##$aRU
105##$ay###
1222#$ad
2001#$aПисьма (семь) Иллариону Никитичу Философову и Пелагее Алексеевне от Екатерины [Алексеевны] Мельгуновой
$j9 марта 1797 г. - 24 марта 1804 г.
$eродственного характера, о личных новостях, с известиями о родственниках, с просьбой помочь в решении хозяйственных и имущественных вопросов
215##$a15 л.
$d37,5х22 см
251##$cДело
300##$aПереписка. Письма Иллариону Никитичу и Пелагее Алексеевне (урожденной Барыковой) Философовым разных лиц
371##$aДокумент не является опубликованным и широко распространяемым
461#0$10014fc847ca-d34a-4b82-9778-496e935fadfb
$12001
$aФилософов Алексей Илларионович (1799-1874), генерал-адъютант, воспитатель великих князей Николая и Михаила Николаевичей, временный военный губернатор Петербурга
$1251
$cФонд
$1852
$j1075
462#0$10014a2d8520-e703-4df9-8574-2b1b43e87cba
$12001
$aЛичные и имущественные документы И.Н. и П.А. Философовых
$1251
$cОпись
$1852
$j3
801#0$aRU
$bРГИА
$c20191114
$gRCR
801#1$aRU
$bГлавНИВЦ
$c20191114
$2rusmarc
801#2$aRU
$bПБ им. Б.Н. Ельцина
$c20201110
$gRCR
$2rusmarc
850##$aРГИА
852##$aРГИА
$eФедеральное казенное учреждение "Российский государственный исторический архив" (РГИА)
$j73
937##$hРГИА
$d12330623
$aASBIBLIO_SCAN
035##$aRusGRCC00004692
856##$uhttp://readingroom.main.prlib.ru/item.aspx?id_node=n151141254&mode=full
Формат отображения